[Event "EU-ch Seniors 11th"]
[Site "Courmayeur"]
[Date "2011.04.12"]
[Round "7"]
[White "Giani, Franco"]
[Black "Carboni, Giancarlo"]
[Result "1-0"]
[WhiteElo "1960"]
[BlackElo "1827"]
[PlyCount "77"]
[EventDate "2011.04.06"]
[EventType "swiss"]
[EventRounds "9"]
[EventCountry "ITA"]
[SourceTitle "CBM 141 Extra"]
[Source "ChessBase"]
[SourceDate "2011.05.03"]
[SourceVersion "1"]
[SourceVersionDate "2011.05.03"]
[SourceQuality "1"]

1. e3 c5 2. c4 Nf6 3. Nc3 g6 4. Nf3 Bg7 5. d4 cxd4 6. exd4 0-0 7. Be2 d6 8. 0-0 a6 9. h3 Nbd7 10. Be3 h6 11. Qd2 Kh7 12. Rad1 b6 13. Qc2 Re8 14. b4 Qc7 15. Rc1 Bb7 16. d5 Rac8 17. Rfd1 e5 18. dxe6 Rxe6 19. Nd4 Ree8 20. Qb1 Qb8 21. Na4 Ne4 22. Nf3 b5 23. cxb5 axb5 24. Rxc8 Rxc8 25. Bxb5 Ne5 26. Nd2 Nc3 27. Nxc3 Rxc3 28. Bf1 Qc7 29. a4 Rc2 30. b5 Qc3 31. a5 Rb2 32. Qc1 Qxa5 33. Nc4 Nxc4 34. Bxc4 d5 35. Bf1 Qa8 36. Bxh6 Rxf2 37. Bxg7 Rxf1+ 38. Rxf1 Kxg7 39. Qc7 1-0

[Event "Florence op 17th"]
[Site "Florence"]
[Date "2009.12.08"]
[Round "6"]
[White "Lorenzetti, Giacomo"]
[Black "Carboni, Giancarlo"]
[Result "0-1"]
[WhiteElo "1825"]
[BlackElo "1904"]
[PlyCount "52"]
[EventDate "2009.12.06"]
[EventType "swiss"]
[EventRounds "6"]
[EventCountry "ITA"]
[SourceTitle "EXT 2012"]
[Source "ChessBase"]
[SourceDate "2011.11.24"]
[SourceVersion "1"]
[SourceVersionDate "2011.11.24"]
[SourceQuality "1"]

1. e4 c5 2. Nc3 Nc6 3. g3 g6 4. Bg2 Bg7 5. d3 d6 6. Be3 f5 7. Nge2 Nf6 8. h3 0-0 9. Qd2 fxe4 10. dxe4 e5 11. 0-0-0 Nd4 12. Rhf1 Qa5 13. f4 b5 14. g4 b4 15. Nb1 Ba6 16. Rf2 Bxe2 17. Rxe2 Nxe2+ 18. Qxe2 Qxa2 19. Rxd6 exf4 20. Bxf4 Ne8 21. Re6 Qxb2+ 22. Kd2 Rxf4 23. Bf3 Qxb1 24. Ke3 Qc1+ 25. Kf2 g5 26. Kg2 Bd4 0-1

[Event "Florence op 17th"]
[Site "Florence"]
[Date "2009.12.06"]
[Round "2"]
[White "Fusari, Paolo"]
[Black "Carboni, Giancarlo"]
[Result "1-0"]
[WhiteElo "1905"]
[BlackElo "1904"]
[PlyCount "129"]
[EventDate "2009.12.06"]
[EventType "swiss"]
[EventRounds "6"]
[EventCountry "ITA"]
[SourceTitle "EXT 2012"]
[Source "ChessBase"]
[SourceDate "2011.11.24"]
[SourceVersion "1"]
[SourceVersionDate "2011.11.24"]
[SourceQuality "1"]

1. e4 c5 2. b4 cxb4 3. a3 g6 4. axb4 Bg7 5. c3 Nf6 6. e5 Nd5 7. d4 0-0 8. Bc4 e6 9. Bxd5 exd5 10. Qb3 d6 11. Nf3 dxe5 12. Nxe5 Be6 13. 0-0 Nd7 14. f4 a6 15. Nd2 Nxe5 16. fxe5 Rc8 17. Nf3 Qc7 18. Bb2 f6 19. exf6 Rxf6 20. Ng5 Qd7 21. Rae1 Rcf8 22. Rf3 h6 23. Nxe6 Rxe6 24. Rfe3 Rxe3 25. Rxe3 Kh7 26. Qd1 h5 27. Qe1 Rf7 28. Bc1 Bh6 29. Re5 Bg7 30. Re6 Bh6 31. Bxh6 Kxh6 32. Re8 Qc7 33. Qe3+ Kh7 34. Qe5 Qxe5 35. Rxe5 Rd7 36. Kf2 Kg7 37. Ke3 Kf6 38. h4 b5 39. Kf4 Rd6 40. g4 hxg4 41. Kxg4 Rd8 42. h5 gxh5+ 43. Rxh5 Rc8 44. Rh6+ Ke7 45. Rh3 Kd6 46. Kf4 Rf8+ 47. Ke3 Rf6 48. Rh8 Kc6 49. Rd8 Re6+ 50. Kd3 Rd6 51. Re8 Rd7 52. Ke3 Kb7 53. Re6 Rc7 54. Kd2 Rd7 55. Kd3 Rd8 56. Re7+ Kb6 57. Ke2 Rd6 58. Kf3 a5 59. bxa5+ Kxa5 60. Rc7 Kb6 61. Rc5 Rc6 62. Rxc6+ Kxc6 63. Kf4 Kd6 64. Kf5 Kd7 65. Ke5 1-0